BUBT Library Online Catalog

বাংলাদেশের ইতিহাস : ১৯০৫-৪৭ / (Record no. 7120)

000 -LEADER
fixed length control field 00906nam a22002297a 4500
003 - CONTROL NUMBER IDENTIFIER
control field BUBTL
008 - FIXED-LENGTH DATA ELEMENTS--GENERAL INFORMATION
fixed length control field 231018b ||||| |||| 00| 0 eng d
020 ## - INTERNATIONAL STANDARD BOOK NUMBER
International Standard Book Number 9789849392651
041 ## - LANGUAGE CODE
Language code of text/sound track or separate title ben
082 ## - DEWEY DECIMAL CLASSIFICATION NUMBER
Classification number 954.92/ R1293/ 2019
100 ## - MAIN ENTRY--PERSONAL NAME
9 (RLIN) 5546
Personal name রহমান, মো. মাহবুবুর
245 ## - TITLE STATEMENT
Title বাংলাদেশের ইতিহাস : ১৯০৫-৪৭ /
Statement of responsibility, etc. মো. মাহবুবুর রহমান
250 ## - EDITION STATEMENT
Edition statement 1st ed.
260 ## - PUBLICATION, DISTRIBUTION, ETC. (IMPRINT)
Place of publication, distribution, etc. ঢাকা :
Name of publisher, distributor, etc. সুবর্ণ,
Date of publication, distribution, etc. c2019
300 ## - PHYSICAL DESCRIPTION
Extent 280 p. :
Dimensions 22 cm.
500 ## - GENERAL NOTE
General note Includes Index
505 ## - FORMATTED CONTENTS NOTE
Formatted contents note বাংলাদেশের ইতিহাস, ১৯০৫-৪৭, মুক্তিযুদ্ধ, মো. মাহবুবুর রহমান
650 #0 - SUBJECT ADDED ENTRY--TOPICAL TERM
9 (RLIN) 1755
Topical term or geographic name as entry element মুক্তিযুদ্ধ
856 ## - ELECTRONIC LOCATION AND ACCESS
Password 0
Logon 0
Link text Download
942 ## - ADDED ENTRY ELEMENTS (KOHA)
Source of classification or shelving scheme
Koha item type Books
Holdings
Withdrawn status Lost status Source of classification or shelving scheme Damaged status Not for loan Collection code Permanent location Current location Shelving location Date acquired Source of acquisition Inventory number Total Checkouts Full call number Barcode Date last seen Copy number Price effective from Koha item type
        Not For Loan Non-fiction Bangladesh University of Business and Technology Library Bangladesh University of Business and Technology Library Historical Books 10/18/2023 Purchase 29698   954.92/ R1293/ 2019 BUBTL-200329698 10/18/2023 C-1 10/18/2023 Books
        Not For Loan Non-fiction Bangladesh University of Business and Technology Library Bangladesh University of Business and Technology Library Historical Books 09/14/2023 Purchase 29709   954.92/ R1293/ 2019 BUBTL-200329709 10/18/2023 C-2 10/18/2023 Books

More Information About Library

Library Hours

  • Open: 9.00 am. to 9.00 pm.
  • Only Sunday: 9.00 am. to 6.00 pm.
  • Closed: Holiday

Contact to the University

Bangladesh University of Business and Technology Library

  • Mirpurl-2, 1216.
  • Phone:
  • Fax:
  • E-Mail: admin.library@bubt.edu.bd

Contact to the Library

Contact Person:

Md. Abdul Hakim Shah
Joint Librarian
PABX No:  113
Cell No: 01816332931
E-mail: official: admin.library@bubt.edu.bd
Personal: hakim.shah@bubt.edu.bd


BUBT Library

Copyright © 2021